| 000 | 00430cam a2200181ua 4500 | ||
|---|---|---|---|
| 001 | 3431 | ||
| 008 | 111111n ii |||gr||||Z||||||asm | ||
| 040 | _cMAIN | ||
| 082 | _a891.4513 | ||
| 100 |
_aBora, Mahendra , _eAuthor. |
||
| 245 | 1 | 1 |
_aPinocchio _cby Mahendra Bora |
| 250 | _a1st. | ||
| 260 |
_aGuwahati: _bLawyers book stall,974. |
||
| 300 |
_a181p: _c23cm. |
||
| 653 | _aAssamese novel | ||
| 653 | _aPinocchio | ||
| 942 | _cBK | ||
| 999 |
_c3274 _d3274 |
||